[Event "Muensterland Verbandsklasse Gr1 2223"]
[Site "Germany"]
[Date "2022.11.19"]
[Round "3.3"]
[White "Langheinrich, Joern"]
[Black "Reufer, Berthold"]
[Result "0-1"]
[WhiteElo "1856"]
[BlackElo "1612"]
[PlyCount "106"]
[EventDate "2022.09.17"]
[EventType "team-tourn"]
[EventRounds "5"]
[EventCountry "GER"]
[SourceTitle "EXT 2024"]
[Source "ChessBase"]
[SourceDate "2023.10.10"]
[SourceVersion "1"]
[SourceVersionDate "2023.10.10"]
[SourceQuality "1"]
[WhiteTeam "Muenster Indische Dame"]
[BlackTeam "Duelmen II"]
[WhiteTeamCountry "GER"]
[BlackTeamCountry "GER"]

1. e4 e6 2. d4 d5 3. Nc3 Bb4 4. a3 Bxc3+ 5. bxc3 dxe4 6. f3 b6 7. Nh3 Bb7 8. Be2 Nf6 9. 0-0 exf3 10. Bxf3 Bxf3 11. Qxf3 Qd5 12. Qg3 Nbd7 13. Qxc7 0-0 14. Qg3 Kh8 15. Bb2 Ne4 16. Qd3 Rac8 17. Nf4 Qc6 18. Rf3 Ndf6 19. Re1 Nd6 20. Rh3 Qb5 21. Qxb5 Nxb5 22. a4 Nd6 23. Ba3 Rfd8 24. Bb4 a5 25. Ba3 Rc4 26. Nd3 Rxa4 27. Bxd6 Rxd6 28. Ne5 Kg8 29. g4 Nd7 30. Nd3 Rc4 31. Nb2 Rc8 32. Rd3 b5 33. Rb1 Rb6 34. h3 Kf8 35. Kf2 Nf6 36. Na4 Rbb8 37. Nc5 Ke8 38. Ke3 Nd7 39. Ne4 Ke7 40. Kd2 Nb6 41. Rf3 Nd5 42. Rbf1 f6 43. g5 f5 44. Nc5 g6 45. Rb1 b4 46. c4 Nc3 47. Re1 Ne4+ 48. Nxe4 fxe4 49. Rxe4 Rxc4 50. Rf6 Rb6 51. h4 Rbc6 52. d5 Rxe4 53. dxc6 Rc4 0-1

[Event "Muensterland Verbandsklasse playoff"]
[Site "Germany"]
[Date "2022.05.28"]
[Round "4.1"]
[White "Reufer, Berthold"]
[Black "Wigger, Niklas"]
[Result "0-1"]
[WhiteElo "1641"]
[BlackElo "1819"]
[PlyCount "56"]
[EventDate "2022.04.02"]
[EventType "team-tourn"]
[EventRounds "5"]
[EventCountry "GER"]
[SourceTitle "EXT 2023"]
[Source "ChessBase"]
[SourceDate "2022.10.05"]
[SourceVersion "1"]
[SourceVersionDate "2022.10.05"]
[SourceQuality "1"]
[WhiteTeam "Duelmen II"]
[BlackTeam "Heiden"]
[WhiteTeamCountry "GER"]
[BlackTeamCountry "GER"]

1. e4 c5 2. d4 cxd4 3. Nf3 d6 4. Bc4 Nf6 5. Nxd4 e6 6. Nc3 a6 7. Bg5 Be7 8. Bxf6 Bxf6 9. 0-0 0-0 10. Qd2 Nc6 11. Nxc6 bxc6 12. Rad1 d5 13. exd5 cxd5 14. Bd3 Qc7 15. Ne2 Bxb2 16. c4 Be5 17. Kh1 dxc4 18. Be4 Rb8 19. Qc2 f5 20. Bf3 Rb2 21. Qa4 c3 22. Nc1 c2 23. Rd3 Rd8 24. Re1 Bd7 25. Qxa6 Rb1 26. Bc6 Bxc6 27. Rxd8+ Qxd8 28. Qxc6 Rxc1 0-1

[Event "Muensterland Regionalliga playoff Gr1"]
[Site "Germany"]
[Date "2022.04.09"]
[Round "2.6"]
[White "Reufer, Berthold"]
[Black "Redemann, Rolf"]
[Result "1-0"]
[WhiteElo "1641"]
[BlackElo "1460"]
[PlyCount "83"]
[EventDate "2022.03.19"]
[EventType "team-tourn"]
[EventRounds "5"]
[EventCountry "GER"]
[SourceTitle "EXT 2023"]
[Source "ChessBase"]
[SourceDate "2022.10.05"]
[SourceVersion "1"]
[SourceVersionDate "2022.10.05"]
[SourceQuality "1"]
[WhiteTeam "Duelmen"]
[BlackTeam "Muenster SK IV"]
[WhiteTeamCountry "GER"]
[BlackTeamCountry "GER"]

1. e4 e5 2. d4 exd4 3. Nf3 Nc6 4. Nxd4 Bc5 5. Be3 Be7 6. Bc4 Nf6 7. Nxc6 dxc6 8. Qxd8+ Bxd8 9. Nc3 0-0 10. 0-0-0 Be6 11. Bxe6 fxe6 12. Rd3 Be7 13. Rhd1 Rfd8 14. Rxd8+ Rxd8 15. Rxd8+ Bxd8 16. Bg5 h6 17. Bxf6 Bxf6 18. Ne2 Kf7 19. b3 a5 20. Kd2 Ke7 21. Kd3 g5 22. g4 Be5 23. h3 b5 24. Ng1 Kd6 25. Nf3 c5 26. h4 Bf4 27. hxg5 Bxg5 28. c4 c6 29. e5+ Kd7 30. Nxg5 hxg5 31. Ke4 Ke7 32. f4 gxf4 33. Kxf4 Kf7 34. Kg5 Kg7 35. Kh5 Kh7 36. g5 b4 37. g6+ Kg7 38. Kg5 Kg8 39. Kf6 Kf8 40. g7+ Kg8 41. Kxe6 Kxg7 42. Kd7 1-0

[Event "Unna op"]
[Site "Unna"]
[Date "2014.12.27"]
[Round "1"]
[White "Voicu Jagodzinsky, Carmen"]
[Black "Reufer, Berthold"]
[Result "1-0"]
[WhiteElo "2262"]
[BlackElo "1617"]
[PlyCount "83"]
[EventDate "2014.12.27"]
[EventType "swiss"]
[EventRounds "7"]
[EventCountry "GER"]
[SourceTitle "CBM 164 Extra"]
[Source "ChessBase"]
[SourceDate "2015.03.02"]
[SourceVersion "1"]
[SourceVersionDate "2015.03.02"]
[SourceQuality "1"]

1. e4 e6 2. d3 Bc5 3. Nf3 Ne7 4. d4 Bb6 5. Bd3 Nbc6 6. c3 d5 7. e5 Ng6 8. h4 h5 9. Bxg6 fxg6 10. Qd3 Qe7 11. Ng5 Bd7 12. Qxg6+ Kf8 13. Rh3 Kg8 14. Rf3 Rf8 15. Rxf8+ Kxf8 16. Be3 Nd8 17. Nd2 Be8 18. Nh7+ Kg8 19. Nf6+ Kf8 20. Nxe8 Qxe8 21. Qd3 Ke7 22. a4 c6 23. a5 Bc7 24. Nb3 Kd7 25. Nc5+ Kc8 26. b4 a6 27. Bg5 Qf7 28. f4 Re8 29. Kd2 Bb8 30. Rf1 g6 31. Bf6 Ba7 32. Nb3 Rg8 33. Rf3 Qh7 34. Bxd8 Kxd8 35. Na1 Qe7 36. g3 Qc7 37. Nc2 b5 38. axb6 Qxb6 39. Rf1 Kc8 40. Ra1 Kb7 41. Ra5 Bb8 42. Na1 1-0

[Event "Muensterland Verbandsklasse-B 1112"]
[Site "Germany"]
[Date "2012.01.14"]
[Round "5.7"]
[White "Reufer, Berthold"]
[Black "Keller, Hansjuergen"]
[Result "1-0"]
[WhiteElo "1562"]
[BlackElo "1648"]
[PlyCount "149"]
[EventDate "2011.09.17"]
[EventType "team-tourn"]
[EventRounds "9"]
[EventCountry "GER"]
[SourceTitle "EXT 2013"]
[Source "ChessBase"]
[SourceDate "2012.11.22"]
[SourceVersion "1"]
[SourceVersionDate "2012.11.22"]
[SourceQuality "1"]
[WhiteTeam "Duelmen"]
[BlackTeam "Nordwalde"]
[WhiteTeamCountry "GER"]
[BlackTeamCountry "GER"]

1. Nf3 d5 2. g3 Nf6 3. Bg2 e6 4. 0-0 c5 5. b3 Be7 6. Bb2 0-0 7. d3 Nc6 8. Nbd2 d4 9. Re1 Qc7 10. e3 dxe3 11. Rxe3 Bd7 12. Nc4 Nd5 13. Re2 Bf6 14. Qd2 Bxb2 15. Nxb2 Rac8 16. Nc4 Rfd8 17. Rae1 b5 18. Na3 b4 19. Nb5 Qb8 20. c4 Nf6 21. Qf4 Be8 22. Qxb8 Rxb8 23. Nc7 Rxd3 24. Na6 Rbd8 25. Nxc5 Rd1 26. Rxd1 Rxd1+ 27. Re1 Rd8 28. Ng5 Nb8 29. Nge4 Nxe4 30. Nxe4 a5 31. Nc5 Rd2 32. Ra1 Nd7 33. Ne4 Rd4 34. Kf1 Ne5 35. Nc5 Bc6 36. Bxc6 Nxc6 37. Ke2 Kf8 38. Rd1 Rxd1 39. Kxd1 Ke7 40. Kd2 Kd6 41. Ne4+ Ke7 42. Ke3 f5 43. Ng5 h6 44. Nf3 e5 45. h3 Ke6 46. g4 g5 47. gxf5+ Kxf5 48. Nd2 h5 49. Ne4 g4 50. h4 Nd4 51. Ng3+ Kg6 52. Ke4 Nf3 53. c5 Kf7 54. c6 Ke6 55. Nxh5 Nxh4 56. Ng7+ Kd6 57. Nf5+ Nxf5 58. Kxf5 Kxc6 59. Kxe5 Kb5 60. Kf4 a4 61. Kxg4 axb3 62. axb3 Kc5 63. f4 Kd4 64. f5 Kc3 65. f6 Kxb3 66. f7 Ka2 67. f8Q b3 68. Qa8+ Kb1 69. Kf3 b2 70. Ke3 Kc1 71. Qc6+ Kb1 72. Kd2 Ka2 73. Qa4+ Kb1 74. Qb4 Ka2 75. Kc2 1-0

[Event "Muensterland Verbandsklasse-B 0809"]
[Site "Germany"]
[Date "2008.10.11"]
[Round "2.5"]
[White "Reufer, Berthold"]
[Black "Wessel, Johannes"]
[Result "1/2-1/2"]
[WhiteElo "1675"]
[BlackElo "1872"]
[PlyCount "38"]
[EventDate "2008.09.13"]
[EventType "team-tourn"]
[EventRounds "9"]
[EventCountry "GER"]
[SourceTitle "EXT 2010"]
[Source "ChessBase"]
[SourceDate "2010.11.25"]
[SourceVersion "1"]
[SourceVersionDate "2010.11.25"]
[SourceQuality "1"]
[WhiteTeam "Buldern"]
[BlackTeam "Steinfurt"]
[WhiteTeamCountry "GER"]
[BlackTeamCountry "GER"]

1. e4 c5 2. f4 d6 3. Nc3 g6 4. d3 Bg7 5. Bd2 Nc6 6. Be2 e6 7. Nf3 Nge7 8. Be3 b6 9. d4 cxd4 10. Nxd4 a6 11. Qd2 Bb7 12. Bf3 Na5 13. b3 b5 14. Rd1 Rc8 15. 0-0 0-0 16. Nde2 Qc7 17. Nb1 Rfd8 18. Ng3 f5 19. Qf2 Nac6 1/2-1/2

[Event "Muensterland Verbandsklasse-A 0708"]
[Site "Germany"]
[Date "2008.04.12"]
[Round "8.5"]
[White "Reufer, Berthold"]
[Black "Dolle, Stephan"]
[Result "1-0"]
[WhiteElo "1584"]
[BlackElo "1779"]
[PlyCount "71"]
[EventDate "2007.09.22"]
[EventType "team"]
[EventRounds "9"]
[EventCountry "GER"]
[SourceTitle "EXT 2009"]
[Source "ChessBase"]
[SourceDate "2008.11.26"]
[SourceVersion "1"]
[SourceVersionDate "2008.11.26"]
[SourceQuality "1"]
[WhiteTeam "Buldern"]
[BlackTeam "Heiden II"]
[WhiteTeamCountry "GER"]
[BlackTeamCountry "GER"]

1. e4 c5 2. f4 Nc6 3. Nf3 d6 4. c3 Nf6 5. d3 g6 6. Be2 Bg7 7. Na3 0-0 8. Be3 Bd7 9. Ng5 a6 10. h4 Qc8 11. Nc4 Qc7 12. h5 b5 13. Nd2 Qc8 14. hxg6 hxg6 15. Ndf3 Ng4 16. Qd2 Nxe3 17. Qxe3 f6 18. Nh3 b4 19. c4 a5 20. Nh4 Nd4 21. 0-0-0 Nxe2+ 22. Qxe2 Bg4 23. Qf2 Bxd1 24. Nxg6 Re8 25. Rxd1 Qg4 26. Nh4 Kf7 27. Nf5 Rad8 28. Ne3 Qh5 29. Rh1 Kg8 30. Qg3 e6 31. Ng4 Kf8 32. Nhf2 Qf7 33. Rh7 Qg8 34. Qh4 Re7 35. Nxf6 Qf7 36. Rh8+ 1-0

[Event "Muensterland Verbandsklasse-A 0708"]
[Site "Germany"]
[Date "2008.01.26"]
[Round "5.5"]
[White "Reufer, Berthold"]
[Black "Darwisch, Mohamed"]
[Result "0-1"]
[WhiteElo "1584"]
[BlackElo "1734"]
[PlyCount "150"]
[EventDate "2007.09.22"]
[EventType "team"]
[EventRounds "9"]
[EventCountry "GER"]
[SourceTitle "EXT 2009"]
[Source "ChessBase"]
[SourceDate "2008.11.26"]
[SourceVersion "1"]
[SourceVersionDate "2008.11.26"]
[SourceQuality "1"]
[WhiteTeam "Buldern"]
[BlackTeam "Ahaus Wessum"]
[WhiteTeamCountry "GER"]
[BlackTeamCountry "GER"]

1. e4 g6 2. f4 c6 3. d4 d5 4. e5 h5 5. Bd3 Bg4 6. Nf3 e6 7. c3 Nh6 8. Be3 Qb6 9. Qc2 Bf5 10. Bxf5 Nxf5 11. Bf2 Nd7 12. Nbd2 c5 13. 0-0-0 Rc8 14. h3 cxd4 15. Nxd4 Nxd4 16. Bxd4 Bc5 17. Nf3 Bxd4 18. Rxd4 Nc5 19. Rhd1 a5 20. g4 hxg4 21. hxg4 Ne4 22. Nd2 Qxd4 23. cxd4 Rxc2+ 24. Kxc2 Rh2 25. Kc1 Nf2 26. Nf3 Rh3 27. Ng1 Rg3 28. Rf1 Nxg4 29. Ne2 Rg2 30. Nc3 Ne3 31. Rh1 Rf2 32. Rh3 Rf1+ 33. Kd2 Nc4+ 34. Ke2 Rxf4 35. b3 Nb6 36. Nb5 a4 37. Ke3 Rf1 38. Nd6+ Kd7 39. Rf3 Rxf3+ 40. Kxf3 axb3 41. axb3 f6 42. Kf4 Kc6 43. Ne8 g5+ 44. Kg4 fxe5 45. dxe5 Nd7 46. Kxg5 Nxe5 47. Kf6 Nd7+ 48. Kxe6 d4 49. Ng7 Nc5+ 50. Ke5 Nxb3 51. Ke4 Kc5 52. Kd3 Kd5 53. Nf5 Nc5+ 54. Kd2 Ke5 55. Ne7 Ke4 56. Nc8 d3 57. Nd6+ Kd4 58. Nb5+ Kd5 59. Kc3 b6 60. Nc7+ Ke4 61. Kd2 Nb3+ 62. Kd1 Nd4 63. Kd2 b5 64. Na6 Nb3+ 65. Kd1 Ke3 66. Nc7 Nd4 67. Nd5+ Ke4 68. Nb4 Nb3 69. Nc6 Kd5 70. Ne7+ Kc4 71. Nf5 Nc5 72. Nd6+ Kb4 73. Kd2 Ka4 74. Nf5 b4 75. Nd4 Nb3+ 0-1

[Event "Muensterland Verbandsklasse-A 0708"]
[Site "Germany"]
[Date "2007.11.17"]
[Round "3.4"]
[White "Noering, Andreas"]
[Black "Reufer, Berthold"]
[Result "1/2-1/2"]
[WhiteElo "1796"]
[BlackElo "1584"]
[PlyCount "41"]
[EventDate "2007.09.22"]
[EventType "team"]
[EventRounds "9"]
[EventCountry "GER"]
[SourceTitle "EXT 2009"]
[Source "ChessBase"]
[SourceDate "2008.11.26"]
[SourceVersion "1"]
[SourceVersionDate "2008.11.26"]
[SourceQuality "1"]
[WhiteTeam "Emsdetten Rochade"]
[BlackTeam "Buldern"]
[WhiteTeamCountry "GER"]
[BlackTeamCountry "GER"]

1. e4 e6 2. d4 d5 3. exd5 Qxd5 4. Nf3 b6 5. c4 Bb4+ 6. Nc3 Bxc3+ 7. bxc3 Qd6 8. Be2 Nf6 9. a4 Nbd7 10. 0-0 Bb7 11. Qb3 Rb8 12. Rd1 0-0 13. d5 Nc5 14. Qc2 Rfd8 15. Ba3 exd5 16. cxd5 Bxd5 17. c4 Be4 18. Rxd6 Bxc2 19. Rxd8+ Rxd8 20. Bxc5 bxc5 21. Ra2 1/2-1/2

[Event "Muensterland Verbandsklasse-B 0607"]
[Site "Germany"]
[Date "2007.04.21"]
[Round "8.6"]
[White "Reufer, Berthold"]
[Black "Kaiser, Guenter1111"]
[Result "1-0"]
[WhiteElo "1590"]
[BlackElo "1688"]
[PlyCount "93"]
[EventDate "2006.09.23"]
[EventType "team"]
[EventRounds "9"]
[EventCountry "GER"]
[SourceTitle "EXT 2008"]
[Source "ChessBase"]
[SourceDate "2007.11.25"]
[SourceVersion "1"]
[SourceVersionDate "2007.11.25"]
[SourceQuality "1"]
[WhiteTeam "Buldern"]
[BlackTeam "Ochtrup"]
[WhiteTeamCountry "GER"]
[BlackTeamCountry "GER"]

1. d4 d5 2. Bg5 h6 3. Bh4 c6 4. c3 Qb6 5. Qc2 Nd7 6. Nd2 e5 7. dxe5 Nxe5 8. Ngf3 Bd6 9. e4 Ng6 10. Bd3 Nxh4 11. Nxh4 Nf6 12. exd5 cxd5 13. 0-0-0 0-0 14. f3 Be6 15. Nf5 Bc5 16. Nb3 Bxf5 17. Bxf5 Be3+ 18. Kb1 a5 19. Rhe1 Rfe8 20. Qd3 a4 21. Nd4 Bxd4 22. Rxe8+ Rxe8 23. Qxd4 Qxd4 24. Rxd4 Re1+ 25. Kc2 Re2+ 26. Rd2 Rxd2+ 27. Kxd2 Kf8 28. Bc2 a3 29. bxa3 Ke7 30. Kd3 Kd6 31. Kd4 b6 32. Bb3 Ke6 33. h4 g5 34. hxg5 hxg5 35. g3 Kd6 36. c4 dxc4 37. Kxc4 Nd7 38. Kb5 f6 39. g4 Kc7 40. a4 Nb8 41. Bd5 Nd7 42. Be4 Nb8 43. a5 bxa5 44. Kxa5 Nd7 45. Kb5 Kb8 46. Kc6 Ne5+ 47. Kd6 1-0

[Event "Muensterland Verbandsklasse-B 0607"]
[Site "Germany"]
[Date "2006.12.09"]
[Round "4.8"]
[White "Reufer, Berthold"]
[Black "Matthies, Uwe"]
[Result "1-0"]
[WhiteElo "1590"]
[BlackElo "1452"]
[PlyCount "65"]
[EventDate "2006.09.23"]
[EventType "team"]
[EventRounds "9"]
[EventCountry "GER"]
[SourceTitle "EXT 2008"]
[Source "ChessBase"]
[SourceDate "2007.11.25"]
[SourceVersion "1"]
[SourceVersionDate "2007.11.25"]
[SourceQuality "1"]
[WhiteTeam "Buldern"]
[BlackTeam "Luedinghausen"]
[WhiteTeamCountry "GER"]
[BlackTeamCountry "GER"]

1. e4 e6 2. f4 d6 3. d4 b6 4. Nf3 Bb7 5. Bd3 Nd7 6. 0-0 Ngf6 7. Nbd2 Be7 8. c3 c5 9. Qe2 0-0 10. e5 Ne8 11. Ne4 h6 12. Ng3 cxd4 13. cxd4 dxe5 14. fxe5 Bd5 15. Ne1 Bg5 16. Bxg5 Qxg5 17. Ne4 Qe7 18. Rc1 f6 19. Nc3 fxe5 20. dxe5 Rxf1+ 21. Kxf1 Qg5 22. Rd1 Nc7 23. Nxd5 Nxd5 24. Nf3 Rf8 25. Kg1 Qf4 26. Qe4 Qe3+ 27. Qxe3 Nxe3 28. Bh7+ Kxh7 29. Rxd7 Nc4 30. b3 Nb2 31. Rd2 Na4 32. bxa4 Rf4 33. Rd4 1-0

[Event "Duisburg Grossenbaum op"]
[Site "Duisburg"]
[Date "2005.05.16"]
[Round "6"]
[White "Reufer, Berthold"]
[Black "Barskij, Alexander"]
[Result "0-1"]
[WhiteElo "1651"]
[BlackElo "2007"]
[PlyCount "46"]
[EventDate "2005.05.13"]
[EventType "swiss"]
[EventRounds "7"]
[EventCountry "GER"]
[SourceTitle "EXT 2006"]
[Source "ChessBase"]
[SourceDate "2005.11.24"]
[SourceVersion "1"]
[SourceVersionDate "2005.11.24"]
[SourceQuality "1"]

1. Nf3 Nf6 2. Nc3 d5 3. d4 Bf5 4. Bf4 e6 5. e3 c5 6. Bxb8 Qxb8 7. Bb5+ Kd8 8. Ne5 Qc7 9. g4 Bg6 10. g5 Ne4 11. Qg4 Nxc3 12. bxc3 cxd4 13. Qxd4 Bc5 14. Qf4 Bd6 15. Nxg6 Bxf4 16. Nxh8 Bxg5 17. 0-0-0 Ke7 18. c4 Bf6 19. cxd5 exd5 20. Rxd5 Rxh8 21. Rhd1 Kf8 22. Rd7 Qb6 23. Bc4 Qb2+ 0-1

[Event "Duisburg Grossenbaum op"]
[Site "Duisburg"]
[Date "2005.05.13"]
[Round "1"]
[White "Toel, Karl Ludwig"]
[Black "Reufer, Berthold"]
[Result "1-0"]
[WhiteElo "2104"]
[BlackElo "1651"]
[PlyCount "66"]
[EventDate "2005.05.13"]
[EventType "swiss"]
[EventRounds "7"]
[EventCountry "GER"]
[SourceTitle "EXT 2006"]
[Source "ChessBase"]
[SourceDate "2005.11.24"]
[SourceVersion "1"]
[SourceVersionDate "2005.11.24"]
[SourceQuality "1"]

1. e4 e6 2. d4 d5 3. Nc3 c5 4. Nf3 dxe4 5. Nxe4 cxd4 6. Qxd4 Qxd4 7. Nxd4 Bd7 8. Bf4 Nc6 9. Nb5 Kd8 10. 0-0-0 e5 11. Be3 Rb8 12. Bc4 Ke7 13. Bc5+ Ke8 14. Bxf8 Na5 15. Be2 Bxb5 16. Bxb5+ Kxf8 17. Rd5 f6 18. Rhd1 Ne7 19. Rd8+ Kf7 20. Nd6+ Kg6 21. Be8+ Rxe8 22. Nxe8 Rxd8 23. Rxd8 Nac6 24. Rd7 b6 25. b4 Kf7 26. b5 Nd4 27. Nc7 h5 28. c4 g5 29. Nd5 Ndf5 30. Nxe7 Nxe7 31. Rxa7 Ke6 32. Ra6 Kf5 33. Rxb6 g4 1-0